[Event "World Rapid Women 2018"]
[Site "St Petersburg RUS"]
[Date "2018.12.27"]
[Round "8.44"]
[White "Smirnova, Ekaterina"]
[Black "Nomin-Erdene, Davaademberel"]
[Result "1/2-1/2"]
[WhiteTitle "WFM"]
[BlackTitle "IM"]
[WhiteElo "2192"]
[BlackElo "2376"]
[WhiteFideId "4110943"]
[BlackFideId "4900782"]
[EventDate "2018.12.26"]

1. d4 f5 2. Nc3 Nf6 3. Bg5 d5 4. f3 h6 5. Bh4 g5 6. Bf2 Nc6 7. h4 g4 8. Qd2 Be6
9. O-O-O Qd7 10. e4 fxe4 11. fxe4 O-O-O 12. exd5 Nxd5 13. Nxd5 Bxd5 14. c4 Be4
15. d5 Qf5 16. Be3 Bg7 17. Bd3 Ne5 18. Bxe4 Qxe4 19. b3 Nc6 20. Ne2 Qxg2 21.
Rhg1 Qe4 22. Nd4 Nxd4 23. Bxd4 Bxd4 24. Rge1 Be3 25. Rxe3 Qf4 26. Rxe7 Qf6 27.
Rde1 Qa1+ 28. Kc2 Qxa2+ 29. Kc3 Qa3 30. Qf4 Qa5+ 31. Kb2 h5 32. Ra1 Qb6 33. Rxa7
Kb8 34. Ra1 Rhf8 35. Rf7 Rxf7 36. Qxf7 Qd4+ 37. Ka2 Qd2+ 38. Kb1 g3 39. Qe7 Qd1+
40. Kb2 Qd4+ 41. Kb1 Qg1+ 42. Kb2 Qf2+ 43. Kc3 Rf8 44. Qe6 Rf3+ 45. Kb4 Qb6+ 46.
Qxb6 cxb6 47. Rg1 Kc7 48. Re1 g2 49. Re7+ Kd6 50. Re6+ Kd7 51. Rg6 Rf2 52. Kb5
Rb2 53. b4 Kc7 54. d6+ Kd7 55. Kxb6 Rxb4+ 56. Kc5 Rb2 57. Kd5 Rd2+ 58. Kc5 b6+
59. Kb5 Rb2+ 60. Ka4 Kc6 61. Ka3 Re2 62. Kb4 Rf2 63. Kc3 Kd7 64. Kb4 Kc6 65. Kc3
Ra2 66. Kb3 Rf2 67. Kc3 Kd7 68. Kb4 Rc2 69. Kb3 Rf2 70. Kb4 Kc6 71. Kc3 Rf3+ 72.
Kb4 Rf2 73. Kc3 Re2 74. Kd3 Ra2 75. Kc3 Kd7 76. Kb4 Rd2 77. Kc3 Rf2 78. Kb4 Kc6
79. Kc3 Rf3+ 80. Kb4 Rf2 81. Kc3 Rf3+ 82. Kb4 Rf4 83. Rxg2 b5 84. Rd2 Rxc4+ 85.
Kb3 Kd7 86. Rd5 Rxh4 87. Rxb5 Kxd6 88. Kc3 Ke6 89. Kd3 Kf6 90. Ke3 Kg6 91. Kf3
Rg4 92. Ra5 Kh6 93. Rb5 Rg6 94. Rb4 Rg7 95. Ra4 Rg1 96. Ra8 Rg7 97. Ra4 Rd7 98.
Kg3 Kg5 99. Ra5+ Kg6 100. Ra6+ Kf5 101. Ra5+ Kg6 102. Ra6+ Kg7 103. Kh4 Rd5 104.
Rb6 1/2-1/2

[Event "World Rapid Women 2018"]
[Site "St Petersburg RUS"]
[Date "2018.12.27"]
[Round "8.45"]
[White "Chernyak, Viktoria"]
[Black "Charochkina, Daria"]
[Result "1-0"]
[WhiteTitle "WFM"]
[BlackTitle "IM"]
[WhiteElo "2186"]
[BlackElo "2344"]
[WhiteFideId "24165956"]
[BlackFideId "4180917"]
[EventDate "2018.12.26"]

1. d4 f5 2. Nf3 Nf6 3. g3 e6 4. Bg2 d5 5. c4 c6 6. O-O Bd6 7. b3 O-O 8. Ba3 b6
9. Bxd6 Qxd6 10. Nbd2 Nbd7 11. Qc2 Bb7 12. Rac1 Rad8 13. cxd5 Nxd5 14. Nc4 Qe7
15. Nce5 c5 16. dxc5 Nxc5 17. Rfd1 Rc8 18. Qb2 Ne4 19. Bf1 Nc5 20. Qa3 a5 21.
Nc4 f4 22. Bg2 g5 23. Qb2 g4 24. Nfe5 fxg3 25. hxg3 Qg7 26. Nd6 Rcd8 27. Nxb7
Nxb7 28. Qd4 Nf4 29. Qe3 Nxg2 30. Kxg2 Nc5 31. Kg1 Rd5 32. Rxd5 exd5 33. Qd4 Kh8
34. Qxd5 Rf5 35. Qd8+ Rf8 36. Rd1 Ne6 37. Qd6 Ng5 38. Nxg4 Nh3+ 39. Kg2 Nf4+ 40.
Kf1 Nxe2 41. Kxe2 Qxg4+ 42. Kf1 Qf3 43. Qd4+ Kg8 44. Qd5+ Qxd5 45. Rxd5 Rc8 46.
Rb5 Rc6 47. Kg2 Kg7 48. a4 Kg6 49. g4 h6 50. Kg3 Kf6 51. Kh4 Kg6 52. f4 Rd6 53.
Re5 Rc6 54. f5+ Kf7 55. Rd5 Rc3 56. Rb5 Rc6 57. Re5 Rc3 58. Rb5 Rc6 59. Kg3 Kf6
60. Kf4 Rd6 61. Ke4 Kg5 62. Ke5 Rf6 63. Rd5 Rc6 64. Rd6 Rc5+ 65. Ke4 Kxg4 66.
Rxh6 b5 67. Rg6+ Kh5 68. Rg3 bxa4 69. bxa4 Kh6 70. f6 Kh7 71. f7 Rc8 72. Ke5 Rf8
73. Ke6 Ra8 74. Kf5 Rb8 75. Kf6 Rb6+ 76. Ke5 Rb8 77. Kd6 Rb6+ 78. Ke5 Rb8 79.
Kf5 Ra8 80. Re3 Rd8 81. Re8 Rd6 1-0

[Event "World Rapid Women 2018"]
[Site "St Petersburg RUS"]
[Date "2018.12.27"]
[Round "8.46"]
[White "Vo, Thi Kim Phung"]
[Black "Dumcheva, Julia"]
[Result "0-1"]
[WhiteTitle "WGM"]
[BlackTitle "WFM"]
[WhiteElo "2352"]
[BlackElo "2168"]
[WhiteFideId "12401838"]
[BlackFideId "24143375"]
[EventDate "2018.12.26"]

1. d4 Nf6 2. c4 g6 3. Nc3 Bg7 4. e4 d6 5. Be2 O-O 6. Nf3 Na6 7. O-O Qe8 8. e5
Nd7 9. exd6 cxd6 10. Re1 Nf6 11. a3 Nc7 12. b4 b6 13. Bb2 Bb7 14. Rc1 d5 15. c5
bxc5 16. dxc5 Bc6 17. Nd4 a6 18. Bf3 e6 19. Nxc6 Qxc6 20. Na4 Rab8 21. Nb6 Nd7
22. Bxg7 Kxg7 23. Nc4 Kg8 24. Na5 Qa8 25. h4 Rbe8 26. h5 e5 27. Qd2 Re7 28. c6
Nb6 29. Qg5 f6 30. Qg3 Rg7 31. hxg6 Rxg6 32. Qh3 Kh8 33. g3 e4 34. Bg4 Rg7 35.
Bf5 Qe8 36. Kg2 Qe5 37. Rh1 Rff7 38. Bd7 f5 39. Qh5 Qf6 40. Rh4 f4 41. g4 f3+
42. Kh3 e3 43. fxe3 Qb2 44. Rg1 Qf2 45. Rg3 Qf1+ 46. Kh2 Qe2+ 47. Kh3 f2 48.
Qxf7 Rxf7 49. Rh5 f1=Q+ 50. Kh4 Qh2+ 51. Kg5 Qf6# 0-1

[Event "World Rapid Women 2018"]
[Site "St Petersburg RUS"]
[Date "2018.12.27"]
[Round "8.47"]
[White "Gevorgyan, Maria"]
[Black "Maroroa, Sue"]
[Result "1-0"]
[WhiteTitle "WIM"]
[BlackTitle "WIM"]
[WhiteElo "2228"]
[BlackElo "2120"]
[WhiteFideId "13300270"]
[BlackFideId "4301498"]
[EventDate "2018.12.26"]

1. e4 e5 2. Nf3 Nc6 3. Bc4 Bc5 4. c3 Nf6 5. d3 a6 6. Bb3 O-O 7. O-O Ba7 8. Nbd2
d6 9. h3 Ne7 10. Re1 Ng6 11. Nf1 Qe7 12. Ng3 Be6 13. d4 Rfe8 14. Nf5 Qd7 15. Ng3
h6 16. Kh2 Bxb3 17. Qxb3 Qb5 18. Qc2 Rad8 19. a4 Qd7 20. Qb3 Qc8 21. Bd2 Nf4 22.
Qc2 Ng6 23. Be3 Qa8 24. Rad1 a5 25. Nf5 Nxe4 26. Bxh6 gxh6 27. Rxe4 Kh7 28. Qc1
Nf4 29. dxe5 dxe5 30. Rxd8 Qxd8 31. Nxe5 Qg5 32. g4 Nd3 33. Qxg5 hxg5 34. Nxf7
Rxe4 35. Nxg5+ Kg6 36. Nxe4 Nxb2 37. h4 Nxa4 38. h5+ Kf7 39. g5 Nc5 40. g6+ Ke6
41. Ng5+ Kxf5 42. g7 Kxg5 43. g8=Q+ Kxh5 44. f4 Kh6 45. f5 Kh5 46. Kh3 1-0

[Event "World Rapid Women 2018"]
[Site "St Petersburg RUS"]
[Date "2018.12.27"]
[Round "8.48"]
[White "Gvanceladze, Anna"]
[Black "Shvayger, Yuliya"]
[Result "0-1"]
[WhiteTitle "WFM"]
[BlackTitle "IM"]
[WhiteElo "2264"]
[BlackElo "2393"]
[WhiteFideId "4113721"]
[BlackFideId "14100126"]
[EventDate "2018.12.26"]

1. e4 c5 2. Nf3 Nc6 3. Bb5 g6 4. O-O Bg7 5. c3 Nf6 6. Re1 O-O 7. h3 Qb6 8. Bc4
e5 9. d3 d6 10. a3 Be6 11. Nbd2 d5 12. exd5 Nxd5 13. Ng5 Na5 14. Ba2 Rad8 15.
Nxe6 Qxe6 16. Nc4 Nxc4 17. Bxc4 Qc6 18. Qf3 Kh8 19. Bg5 f6 20. Bd2 Rd6 21. h4
Nb6 22. Qxc6 Rxc6 23. Bb3 Rd8 24. Be3 h5 25. Rad1 Kh7 26. g3 Bh6 27. Bxh6 Kxh6
28. f4 exf4 29. gxf4 Rcd6 30. Re7 c4 31. Ba2 Rxd3 32. Rde1 Rd2 33. Bb1 Nd5 34.
Rxb7 Nxf4 35. Ree7 Rg2+ 36. Kf1 Rd1+ 37. Re1 Rxe1+ 38. Kxe1 Rg1+ 39. Kd2 Rxb1
40. Kc2 Rh1 41. Rxa7 Rh2+ 42. Kb1 Nd3 43. Rb7 Nc5 44. Rc7 Nb3 45. Ka2 Rxh4 46.
a4 Re4 47. Ka3 h4 48. Kb4 h3 49. Rd7 h2 50. Rd1 Rh4 51. Rh1 g5 52. a5 Nxa5 0-1

[Event "World Rapid Women 2018"]
[Site "St Petersburg RUS"]
[Date "2018.12.27"]
[Round "8.49"]
[White "Goltseva, Ekaterina"]
[Black "Khomeriki, Nino"]
[Result "0-1"]
[WhiteTitle "WFM"]
[BlackTitle "WIM"]
[WhiteElo "2153"]
[BlackElo "2347"]
[WhiteFideId "24173770"]
[BlackFideId "13603191"]
[EventDate "2018.12.26"]

1. d4 Nf6 2. c4 e6 3. Nc3 c5 4. d5 exd5 5. cxd5 d6 6. e4 g6 7. Nge2 Bg7 8. Ng3
O-O 9. Be2 Re8 10. f3 a6 11. a4 h5 12. O-O h4 13. Nh1 Nh5 14. Be3 Nd7 15. Qd2
Rb8 16. Nf2 Qc7 17. Bg5 Bf6 18. Bxf6 Ndxf6 19. Qg5 Qe7 20. Rad1 Bd7 21. Qxh4 b5
22. axb5 axb5 23. Ng4 b4 24. Nxf6+ Nxf6 25. Nb1 Ba4 26. Rd2 Kg7 27. Qf2 Rh8 28.
Bc4 Nd7 29. b3 Ne5 30. Ra2 Ra8 31. Nd2 Nxc4 32. Nxc4 Bb5 33. Rc1 Qf6 34. h3 Rxa2
35. Qxa2 Rxh3 36. Qa1 Bxc4 37. Qxf6+ Kxf6 38. gxh3 Bxb3 39. Kf2 Ba2 40. Ke3 b3
41. Kd2 b2 42. Re1 b1=Q 43. Rxb1 Bxb1 0-1

[Event "World Rapid Women 2018"]
[Site "St Petersburg RUS"]
[Date "2018.12.27"]
[Round "8.50"]
[White "Lysenko, Margarita"]
[Black "Arutyunova, Diana"]
[Result "1-0"]
[WhiteTitle "WFM"]
[BlackTitle "WGM"]
[WhiteElo "2190"]
[BlackElo "2227"]
[WhiteFideId "34100200"]
[BlackFideId "14107244"]
[EventDate "2018.12.26"]

1. c4 f5 2. Nf3 Nf6 3. g3 e6 4. Bg2 Be7 5. O-O O-O 6. d4 d6 7. Nc3 Ne4 8. Nxe4
fxe4 9. Ne1 d5 10. f3 dxc4 11. f4 c5 12. Be3 cxd4 13. Bxd4 Nc6 14. Bc3 e5 15.
Bxe4 Bh3 16. Ng2 exf4 17. gxf4 Bc5+ 18. Kh1 Qe7 19. Qd5+ Qe6 20. f5 Qxd5 21.
Bxd5+ Kh8 22. e4 Bd4 23. Rf3 Bxg2+ 24. Kxg2 Rac8 25. Rd1 Bxc3 26. Rxc3 Ne5 27.
Be6 Rc5 28. Kg3 g6 29. h4 gxf5 30. exf5 b5 31. a3 Rc7 32. Rd5 Rg7+ 33. Kf4 Nd3+
34. Rcxd3 cxd3 35. Rxd3 Rb7 36. b4 a5 37. Rd5 axb4 38. axb4 Kg7 39. Ke5 Kh6 40.
Rd4 Rc7 41. f6 Rc1 42. f7 Re1+ 43. Kf6 Rf1+ 44. Ke7 Ra8 45. Rd5 Ra7+ 46. Bd7
Re1+ 47. Kd8 Kg7 48. Be8 h6 49. Rxb5 Rd1+ 50. Kc8 Kf8 51. Rb6 Rd4 1-0

[Event "World Rapid Women 2018"]
[Site "St Petersburg RUS"]
[Date "2018.12.27"]
[Round "8.51"]
[White "Belova, Olga"]
[Black "Drozdova, Dina"]
[Result "1/2-1/2"]
[WhiteTitle "WFM"]
[BlackTitle "WIM"]
[WhiteElo "2069"]
[BlackElo "2178"]
[WhiteFideId "4138422"]
[BlackFideId "4170695"]
[EventDate "2018.12.26"]

1. e4 d6 2. d4 Nf6 3. Nc3 e5 4. Nf3 Nbd7 5. g3 Be7 6. Bg2 O-O 7. O-O c6 8. a4 b6
9. h3 a6 10. Be3 Bb7 11. Qe2 b5 12. dxe5 dxe5 13. Rad1 Qc7 14. Nh4 g6 15. Kh2 b4
16. Nb1 Nc5 17. Bh6 Rfd8 18. b3 Ne6 19. Be3 a5 20. Nd2 Ba6 21. Nc4 Rxd1 22. Rxd1
Rd8 23. Rxd8+ Qxd8 24. Nf3 Nd7 25. Nfd2 Bc5 26. Qd3 Qe7 27. f4 Bxe3 28. Qxe3
exf4 29. gxf4 Qf6 30. e5 Qxf4+ 31. Qxf4 Nxf4 32. Bxc6 Nc5 33. Nxa5 Be2 34. Nac4
Nfe6 35. Ne3 Nd4 36. Bd5 Kf8 37. Ndc4 Ke7 38. Kg3 f6 39. exf6+ Kxf6 40. Bg8 Kg7
41. Bd5 Kf6 42. a5 h5 43. h4 g5 44. Nb6 gxh4+ 45. Kxh4 Ke5 46. Nbc4+ Kf4 47.
Ng2+ Kf5 48. Nge3+ Kf4 49. Bf7 Bxc4 50. Nxc4 Nxc2 51. Nb6 Nd4 52. Nd5+ Ke5 53.
Nxb4 Kd6 54. a6 Kc7 55. Nd5+ Kb8 56. b4 Nxa6 57. Kxh5 Nc7 58. Kg5 Nxd5 59. Bxd5
Kc7 60. Kf4 Kb6 61. Ke5 Nc2 1/2-1/2

[Event "World Rapid Women 2018"]
[Site "St Petersburg RUS"]
[Date "2018.12.27"]
[Round "8.52"]
[White "Sudakova, Irina"]
[Black "Alieva, Alexandra"]
[Result "1-0"]
[WhiteTitle "WGM"]
[BlackTitle "WFM"]
[WhiteElo "2313"]
[BlackElo "2102"]
[WhiteFideId "4129903"]
[BlackFideId "24133353"]
[EventDate "2018.12.26"]

1. e4 e5 2. Nf3 Nc6 3. Nc3 Nf6 4. g3 g6 5. Bg2 Bg7 6. d4 exd4 7. Nxd4 O-O 8.
Nde2 d6 9. O-O Be6 10. h3 Qd7 11. Kh2 Rad8 12. Nf4 Bc4 13. Re1 Ne5 14. b3 Ba6
15. Bb2 b6 16. Nfd5 Nxd5 17. Nxd5 Bb7 18. Rb1 Bxd5 19. exd5 Qf5 20. f4 Nd7 21.
Be4 Qh5 22. Bf3 Qh6 23. Re7 Bxb2 24. Rxb2 Qg7 25. Rb1 Qf6 26. Qe2 h5 27. Re1 a5
28. Bg2 Qf5 29. Qd2 h4 30. g4 Qf6 31. g5 Qb2 32. R1e2 Qxa2 33. Qc3 Nc5 34. Re1
Qa3 35. Rxc7 Rde8 36. Ree7 Rxe7 37. Rxe7 a4 38. f5 axb3 39. cxb3 Qxb3 40. Qxb3
Nxb3 41. f6 Nd4 42. Rd7 Nf5 43. Rb7 Ne3 44. Rxb6 Rd8 45. Bf3 Kf8 46. Kg1 Nc4 47.
Rb7 Ne5 48. Be4 Nd7 49. Bg2 Nc5 50. Rb6 Nd3 51. Bf3 Nf4 52. Bg2 Nd3 53. Rb3 Ne5
54. Rb4 Nd3 55. Rxh4 Ke8 56. Bf1 Ne5 57. Bb5+ 1-0

[Event "World Rapid Women 2018"]
[Site "St Petersburg RUS"]
[Date "2018.12.27"]
[Round "8.53"]
[White "Tomashevskaya, Lidia"]
[Black "Geller, Anastasiya"]
[Result "0-1"]
[WhiteTitle "WIM"]
[BlackTitle "WFM"]
[WhiteElo "2123"]
[BlackElo "2187"]
[WhiteFideId "4113110"]
[BlackFideId "24119059"]
[EventDate "2018.12.26"]

1. e4 c6 2. d4 d5 3. Nc3 dxe4 4. Nxe4 Bf5 5. Ng3 Bg6 6. Nf3 Nd7 7. h4 h6 8. h5
Bh7 9. Bd3 Bxd3 10. Qxd3 Ngf6 11. Bd2 e6 12. O-O-O Qc7 13. Ne4 Nxe4 14. Qxe4 Nf6
15. Qe2 Bd6 16. g3 O-O-O 17. c4 c5 18. Bc3 cxd4 19. Nxd4 a6 20. Nb3 Rd7 21. Kb1
Qc6 22. Rhe1 Rhd8 23. Rc1 Kb8 24. c5 Bc7 25. Bxf6 gxf6 26. Qe3 a5 27. Rc4 Qd5
28. Rec1 Qxh5 29. c6 Qf5+ 30. Ka1 Rd3 31. Qxh6 b6 32. Qh4 Qxf2 33. R4c2 Qf5 34.
Nc5 bxc5 35. Qc4 Ka7 36. g4 Qd5 37. Qa4 Rd1 38. Rxc5 Qxc5 39. Rxd1 Rxd1+ 40.
Qxd1 Qxc6 0-1

[Event "World Rapid Women 2018"]
[Site "St Petersburg RUS"]
[Date "2018.12.27"]
[Round "8.54"]
[White "Stetsko, Lanita"]
[Black "Tsatsalashvili, Keti"]
[Result "1/2-1/2"]
[WhiteTitle "FM"]
[BlackTitle "WGM"]
[WhiteElo "2194"]
[BlackElo "2303"]
[WhiteFideId "13505300"]
[BlackFideId "13603434"]
[EventDate "2018.12.26"]

1. e4 c5 2. Nf3 d6 3. d4 cxd4 4. Nxd4 Nf6 5. Nc3 Bd7 6. g3 g6 7. Bg2 Bg7 8. O-O
Nc6 9. Nde2 O-O 10. Nd5 Rc8 11. c3 Ne5 12. h3 b5 13. Kh2 Nc4 14. b3 Nb6 15. Be3
Nfxd5 16. exd5 Qc7 17. Bd4 Bxd4 18. Qxd4 Qc5 19. Qd3 e5 20. dxe6 fxe6 21. Nf4
Rf6 22. Rad1 d5 23. Qe2 Qc7 24. Nd3 Qxc3 25. Rc1 Qd4 26. Rxc8+ Bxc8 27. Ne5 b4
28. f4 Qc5 29. Ng4 Rf8 30. Qe5 h5 31. Qg5 hxg4 32. Qxg6+ Kh8 33. Qh6+ Kg8 1/2-1/2

[Event "World Rapid Women 2018"]
[Site "St Petersburg RUS"]
[Date "2018.12.27"]
[Round "8.55"]
[White "Makarenko, Alexandra"]
[Black "Lelekova, Olga"]
[Result "1-0"]
[WhiteTitle "WIM"]
[BlackTitle "WIM"]
[WhiteElo "2228"]
[BlackElo "2261"]
[WhiteFideId "4165055"]
[BlackFideId "4164903"]
[EventDate "2018.12.26"]

1. e4 c5 2. Nf3 Nc6 3. d4 cxd4 4. Nxd4 Nf6 5. Nc3 e6 6. Ndb5 d6 7. Bf4 e5 8. Bg5
a6 9. Na3 b5 10. Nd5 Be7 11. Bxf6 Bxf6 12. c4 b4 13. Nc2 Rb8 14. b3 Bg5 15. Qf3
O-O 16. h4 Bh6 17. Bd3 a5 18. g3 Be6 19. O-O Qd7 20. Kh2 f5 21. exf5 Bxf5 22.
Bxf5 Rxf5 23. Qe4 Rbf8 24. f3 Qf7 25. Kg2 Ne7 26. Rad1 Ng6 27. Nce3 Bxe3 28.
Nxe3 Rf6 29. Qd5 Re6 30. Qxa5 Kh8 31. Qxb4 Nf4+ 32. gxf4 Rg6+ 33. Kh1 Qxf4 34.
Ng2 Qg3 35. Qd2 Qh3+ 36. Kg1 Rf4 37. Rf2 Rxh4 38. Kf1 Rd4 39. Qc2 Rxg2 40. Rxg2
Qxf3+ 41. Ke1 Rxd1+ 42. Qxd1 Qxg2 43. Qxd6 Qg3+ 44. Ke2 h5 45. c5 Qg4+ 46. Kd3
e4+ 47. Kd4 Qf3 48. c6 e3 49. c7 Qd1+ 50. Ke5 Qa1+ 51. Qd4 Qc1 52. Qd8+ Kh7 53.
c8=Q 1-0

[Event "World Rapid Women 2018"]
[Site "St Petersburg RUS"]
[Date "2018.12.27"]
[Round "8.56"]
[White "Shaydullina, Sandugach"]
[Black "Sukhareva, Evgeniya"]
[Result "1-0"]
[WhiteTitle "WGM"]
[WhiteElo "2033"]
[BlackElo "2126"]
[WhiteFideId "4140389"]
[BlackFideId "4167155"]
[EventDate "2018.12.26"]

1. Nf3 Nf6 2. c4 e6 3. d4 c5 4. d5 exd5 5. cxd5 d6 6. Nc3 a6 7. a4 g6 8. e4 Bg7
9. h3 O-O 10. Bd3 Qe7 11. O-O Nbd7 12. Bf4 Ne8 13. Re1 Nc7 14. Bf1 Rb8 15. e5
Qd8 16. e6 fxe6 17. Bxd6 e5 18. Bxf8 Qxf8 19. d6 Ne8 20. Bc4+ Kh8 21. Ng5 h6 22.
Nge4 Kh7 23. Qd2 b6 24. Rad1 Bb7 25. Qe2 a5 26. Bb5 Rd8 27. Qg4 Nef6 28. Nxf6+
Nxf6 29. Qe6 Bxg2 30. Kxg2 Nh5 31. Ne2 e4 32. Qxe4 Qf6 33. Rd5 Rf8 34. Rf1 Kh8
35. Bd3 Qd8 36. Rxh5 Qxd6 37. Qxg6 Qxg6+ 38. Bxg6 Bxb2 39. Rb1 Bf6 40. Rxb6 c4
41. Rc5 Kg7 42. Be4 c3 43. Rc7+ Kh8 44. Rbb7 Rg8+ 45. Kf3 Bg7 46. Ke3 h5 47. f4
h4 48. Rc6 Re8 49. Nxc3 Kg8 50. Nd5 Kh8 51. Nf6 Rd8 52. Nh5 Bd4+ 53. Kf3 Ba1 54.
Rh6+ Kg8 55. Nf6+ Bxf6 56. Rxf6 1-0

[Event "World Rapid Women 2018"]
[Site "St Petersburg RUS"]
[Date "2018.12.27"]
[Round "8.57"]
[White "Aseeva, Marina"]
[Black "Bogumil, Tatiana"]
[Result "0-1"]
[BlackTitle "WGM"]
[WhiteElo "2173"]
[BlackElo "2114"]
[WhiteFideId "4110544"]
[BlackFideId "4110579"]
[EventDate "2018.12.26"]

1. e4 g6 2. d4 Bg7 3. Nc3 c6 4. Be3 b5 5. Bd3 d6 6. f4 Nf6 7. h3 Nfd7 8. Nf3 a5
9. O-O Nb6 10. e5 b4 11. Ne4 Nd5 12. Bd2 O-O 13. Ng3 e6 14. Ne4 dxe5 15. fxe5
Nd7 16. Nd6 Qb6 17. Kh1 c5 18. Ng5 cxd4 19. Ngxf7 Nxe5 20. Nxe5 Qxd6 21. Rxf8+
Qxf8 22. Qe2 Qd6 23. Ng4 Ne3 24. Nxe3 dxe3 25. Bxe3 Bxb2 26. Rd1 Qc6 27. Qf2 Bb7
28. Rf1 Bg7 29. Be2 e5 30. Qf7+ Kh8 31. Bf3 e4 32. Be2 Rf8 33. Qc4 Rxf1+ 34.
Bxf1 Qxc4 35. Bxc4 Bc6 36. Kg1 Bc3 37. Kf2 Kg7 38. Bb6 a4 39. Ke3 Kf6 40. g4 h5
41. Bd8+ Kg7 42. gxh5 gxh5 43. h4 Kg6 44. Be7 Bf6 45. Bxf6 Kxf6 46. Kf4 Ke7 47.
Be2 Bd5 48. c4 bxc3 49. Bd1 a3 50. Ke3 Bxa2 0-1

[Event "World Rapid Women 2018"]
[Site "St Petersburg RUS"]
[Date "2018.12.27"]
[Round "8.58"]
[White "Semenova, Elena1"]
[Black "Bulatova, Kamaliya"]
[Result "1-0"]
[WhiteTitle "WIM"]
[BlackTitle "WFM"]
[WhiteElo "2260"]
[BlackElo "2007"]
[WhiteFideId "24125148"]
[BlackFideId "34111546"]
[EventDate "2018.12.26"]

1. e4 c5 2. Nf3 d6 3. Bb5+ Nc6 4. O-O Bd7 5. Re1 Nf6 6. c3 a6 7. Bc4 b5 8. Bf1
Bg4 9. a4 b4 10. d4 bxc3 11. bxc3 cxd4 12. cxd4 e5 13. Qc2 Bd7 14. Ba3 Be7 15.
d5 Na5 16. Nbd2 O-O 17. Rec1 Rc8 18. Qd1 Ng4 19. h3 Nxf2 20. Kxf2 Qb6+ 21. Kg3
f5 22. Kh2 Rxc1 23. Rxc1 Qe3 24. Bb4 fxe4 25. Rc3 Qb6 26. Bxa5 Qxa5 27. Nxe4
Bxa4 28. Qa1 Rf4 29. Bd3 Qb4 30. Rc4 Qb3 31. Rc8+ Bf8 32. Bc2 Qb7 33. Rxf8+ Rxf8
34. Qxa4 Kh8 35. Qc6 Qf7 36. Qxd6 Qf4+ 37. Ng3 Rc8 38. Nxe5 Re8 39. Ng6+ 1-0

[Event "World Rapid Women 2018"]
[Site "St Petersburg RUS"]
[Date "2018.12.27"]
[Round "8.59"]
[White "Diakonova, Ekaterina"]
[Black "Afonasieva, Anna"]
[Result "1/2-1/2"]
[BlackTitle "WFM"]
[WhiteElo "2225"]
[BlackElo "2207"]
[WhiteFideId "24172936"]
[BlackFideId "24173606"]
[EventDate "2018.12.26"]

1. e4 c6 2. d4 d5 3. e5 Bf5 4. h4 Qb6 5. g4 Bd7 6. Bg2 e6 7. Ne2 c5 8. O-O Nc6
9. dxc5 Bxc5 10. Bf4 Nge7 11. h5 f6 12. exf6 gxf6 13. Nbc3 e5 14. Na4 Qa5 15.
Nxc5 Qxc5 16. Bg3 Bxg4 17. c3 Rg8 18. Kh2 O-O-O 19. b4 Qc4 20. f3 Bxh5 21. Rf2
Kb8 22. Bh3 d4 23. cxd4 Nxd4 24. Nxd4 Qxd4 25. Qxd4 Rxd4 26. Be6 Rgd8 27. b5 Rd2
28. Kg2 R8d3 29. Bg4 Bxg4 30. fxg4 Nd5 31. Rxd2 Rxd2+ 32. Kf3 Rd3+ 33. Kf2 Nc3
34. Re1 Kc7 35. g5 fxg5 36. Bxe5+ Kb6 37. Rh1 Ne4+ 38. Kg2 Rd5 39. Bb8 Kxb5 40.
Rxh7 Ka6 41. Rh6+ b6 42. Rh7 g4 43. a4 Ka5 44. Rxa7+ Kb4 45. Rb7 Rd2+ 46. Kg1
Kc5 47. Rc7+ Kd4 48. Ba7 Rb2 49. a5 Rb1+ 50. Kg2 Rb2+ 51. Kg1 Rb1+ 52. Kg2 1/2-1/2

[Event "World Rapid Women 2018"]
[Site "St Petersburg RUS"]
[Date "2018.12.27"]
[Round "8.60"]
[White "Bezgodova, Svetlana"]
[Black "Loskutova, Viktoriya"]
[Result "0-1"]
[WhiteTitle "WIM"]
[BlackTitle "WFM"]
[WhiteElo "2046"]
[BlackElo "2105"]
[WhiteFideId "4110650"]
[BlackFideId "34166278"]
[EventDate "2018.12.26"]

1. Nf3 d5 2. g3 c6 3. Bg2 Bg4 4. O-O Nf6 5. d3 Nbd7 6. c4 e6 7. Be3 Bd6 8. Qb3
Qc8 9. Nc3 O-O 10. Rac1 dxc4 11. dxc4 Nc5 12. Qd1 Rd8 13. Qe1 Nce4 14. Nxe4 Nxe4
15. c5 Bc7 16. Qb4 Nf6 17. Bg5 Bxf3 18. Bxf3 Be5 19. Rfd1 Qc7 20. b3 h6 21. Bd2
Rd4 22. Rc4 Rad8 23. e3 a5 24. exd4 axb4 25. dxe5 Qxe5 26. Re1 Qb2 27. Bc1 Qxa2
28. Rxb4 Qa5 29. Ree4 Nxe4 30. Rxe4 Qxc5 31. Be3 Qc3 32. b4 Ra8 33. Kg2 Ra2 34.
Bc5 Qc1 35. Rd4 Rd2 36. Rg4 Qc3 37. Re4 Qb3 38. Be3 Ra2 39. Bc5 Ra3 40. Re3 Qb2
41. Re2 Qc3 42. Re3 Qc1 43. Re4 Ra1 44. Kh3 Qf1+ 45. Bg2 Qd1 46. g4 Ra3+ 47. Be3
f5 48. Rd4 Qe1 49. Rd8+ Kh7 50. gxf5 Qxf2 0-1

[Event "World Rapid Women 2018"]
[Site "St Petersburg RUS"]
[Date "2018.12.27"]
[Round "8.61"]
[White "Iljushina, Olga"]
[Black "Kirchei, Viktoriia"]
[Result "1-0"]
[WhiteTitle "WGM"]
[WhiteElo "2259"]
[BlackElo "1972"]
[WhiteFideId "4152280"]
[BlackFideId "34133396"]
[EventDate "2018.12.26"]

1. d4 d5 2. Nf3 c6 3. c4 Nf6 4. Nc3 Bf5 5. cxd5 Nxd5 6. Nxd5 Qxd5 7. e3 e6 8.
Bd2 Be7 9. Be2 O-O 10. O-O Nd7 11. Bc3 Nf6 12. Nd2 Bg6 13. f3 c5 14. e4 Qc6 15.
dxc5 Qxc5+ 16. Kh1 Rfd8 17. Qe1 Nh5 18. Nb3 Qg5 19. Bd2 Qh4 20. Qxh4 Bxh4 21.
Ba5 b6 22. Bc3 Nf4 23. Ba6 Nd3 24. g3 Be7 25. Kg2 f5 26. e5 f4 27. Nd4 fxg3 28.
Nxe6 Rd7 29. hxg3 Bf7 30. Bxd3 Rxd3 31. Nf4 Rdd8 32. e6 Be8 33. Rad1 g5 34. Nd5
Kf8 35. Nc7 Rac8 36. Rxd8 Bxd8 37. Nxe8 Kxe8 38. f4 gxf4 39. gxf4 Ke7 40. f5 Bc7
41. Re1 Rg8+ 42. Kf3 Rg3+ 43. Kf2 Rg8 44. f6+ Kd8 45. f7 Bg3+ 46. Kf3 1-0

[Event "World Rapid Women 2018"]
[Site "St Petersburg RUS"]
[Date "2018.12.27"]
[Round "8.62"]
[White "Borisova, Ekaterina"]
[Black "Kosteniuk, Oksana"]
[Result "1-0"]
[BlackTitle "WFM"]
[WhiteElo "2244"]
[BlackElo "2096"]
[WhiteFideId "34124184"]
[BlackFideId "4187725"]
[EventDate "2018.12.26"]

1. d4 d5 2. c4 c6 3. Nf3 Nf6 4. g3 g6 5. Bg2 Bg7 6. O-O Bf5 7. b3 O-O 8. Bb2
Nbd7 9. Nbd2 Ne4 10. e3 Qa5 11. Nxe4 Bxe4 12. Qe2 dxc4 13. bxc4 Qh5 14. Rfe1 Nb6
15. Rac1 Na4 16. Ba3 c5 17. Qd1 Bc6 18. d5 Bd7 19. e4 b5 20. cxb5 Bxb5 21. Bxc5
Nb2 22. Qb3 Rfb8 23. Bxe7 Nd3 24. Bd6 Nxc1 25. Rxc1 Rb7 26. a4 Ba6 27. Qc2 Rb6
28. Bc7 Rb2 29. Qc6 Bb7 30. Qc4 Qg4 31. Ne5 Bxe5 32. Bxe5 Rb6 33. Qd4 Qg5 34.
Bf4 Qd8 35. a5 Ra6 36. Rb1 Bc8 37. e5 Bf5 38. Rd1 Rxa5 39. d6 Rc8 40. h4 Be6 41.
Bg5 Qb6 42. Qxb6 axb6 43. d7 Bxd7 44. Rxd7 Rxe5 45. Be3 Rb5 46. Bd5 Rf8 47. Bh6
Rxd5 48. Rxd5 Rb8 49. Rb5 f5 50. Be3 Rb7 51. Rxb6 Rd7 52. Kg2 Kf7 53. Kf3 Re7
54. Bg5 Rc7 55. Bf4 Ra7 56. Rc6 Ra3+ 57. Kg2 h5 58. Rc7+ Ke6 59. Rg7 Kf6 60. Rg8
Kf7 61. Rb8 Rd3 62. Rb7+ Ke6 63. Bg5 Rd6 64. Re7+ Kd5 65. Kf3 Rc6 66. Be3 Rc4
67. Rg7 Rg4 68. Kg2 Ke5 69. f3 Rc4 70. Rxg6 Rc2+ 71. Bf2 f4 72. Rg5+ Kf6 73.
gxf4 1-0